| 000 | 00616 a2200229 4500 | ||
|---|---|---|---|
| 005 | 20260205142905.0 | ||
| 008 | 260205b |||||||| |||| 00| 0 eng d | ||
| 020 |
_a9781032780924 _cRs. 1595.00 |
||
| 040 | _aMAIN | ||
| 082 |
_a150.193 _bD35C |
||
| 100 | _aDeb, Sibnath | ||
| 245 | _aCommunity psychology: Emerging issues and challenges | ||
| 260 |
_bRoutledge _c2024 _aLondon |
||
| 300 | _axxiv, 470 | ||
| 650 | _aPsychology | ||
| 650 | _aPsychological Theory | ||
| 650 | _aCommunity Psychology | ||
| 700 | _aSunny, Aleena Maria | ||
| 700 | _aSanyal, Nilanjana | ||
| 700 | _aDeb, Shayana | ||
| 942 | _cBK | ||
| 999 |
_c394770 _d394770 |
||